Online
Catalog

San Martín : (Record no. 27842)

MARC details
000 -CABECERA
campo de control de longitud fija 00637nam a2200157 a 4500
001 - NÚMERO DE CONTROL
campo de control 000028350
005 - FECHA Y HORA DE LA ÚLTIMA TRANSACCIÓN
campo de control 20200930031549.0
008 - DATOS DE LONGITUD FIJA--INFORMACIÓN GENERAL
campo de control de longitud fija 110408s1947 dr 000 0 spa d
040 ## - FUENTE DE LA CATALOGACIÓN
Centro catalogador/agencia de origen DO-SdBNP
Lengua de catalogación spa
Centro/agencia transcriptor BNPHU
049 ## - FONDOS LOCALES (OCLC)
Fondos de biblioteca BNPD
100 1# - ENTRADA PRINCIPAL--NOMBRE DE PERSONA
Nombre de persona Prats Ramírez, Francisco
9 (RLIN) 52032
245 10 - MENCIÓN DE TÍTULO
Título San Martín :
Resto del título ejemplar ciudadano de América /
Mención de responsabilidad, etc. Francisco Prats Ramírez.
260 ## - PUBLICACIÓN, DISTRIBUCIÓN, ETC.
Lugar de publicación, distribución, etc. Ciudad Trujillo, República Dominicana :
Nombre del editor, distribuidor, etc. Pol Hermanos,
Fecha de publicación, distribución, etc. 1947.
300 ## - DESCRIPCIÓN FÍSICA
Extensión 20 p. ;
Dimensiones cm.
500 ## - NOTA GENERAL
Nota general Discurso pronunciado en la solemne sesión conjunta celebrada por el Senado y al aCámara de diputados con motivo del Día Panamericano 14 de abril de 1947
Holdings
Estado de retiro Estado de pérdida Restricciones de uso No para préstamo Código de colección Localización permanente Ubicación/localización actual Ubicación en estantería Fecha de adquisición Número de inventario Total de préstamos Signatura topográfica completa Código de barras Fecha visto por última vez Número de copia Precio válido a partir de Tipo de ítem Koha Nota pública
        Dominicana de Servicio General General En catalogación 08.04.2011 LF1   28350-30 25.06.2020 e. 3 25.06.2020 Libro y Folleto Colección Dominicana de Servicio Dedicado
        Dominicana de Servicio General General En catalogación 08.04.2011 LF1   28350-40 25.06.2020 e. 4 25.06.2020 Libro y Folleto Colección Dominicana de Servicio  
        Dominicana de Servicio General General En catalogación 08.04.2011 LF1   28350-50 25.06.2020 e. 5 25.06.2020 Libro y Folleto Colección Dominicana de Servicio  
        Patrimonio Dominicano General General En catalogación 14.06.2011 LF1   28350-60 25.06.2020 e. 6 25.06.2020 Libro y Folleto Colección Patrimonio Dominicano  
      Excluido de préstamo Patrimonio Dominicano Patrimonio Dominicano Patrimonio Dominicano En catalogación 08.04.2011 LF1   28350-20 25.06.2020 e. 2 25.06.2020 Libro y Folleto Colección Patrimonio Dominicano Dedicado
      Excluido de préstamo Raros y valiosos Patrimonio Dominicano Patrimonio Dominicano Depósito 08.04.2011 LF1   28350-10 25.06.2020   25.06.2020 No se presta Perteneció a la biblioteca personal de Martínez Boog. Dedicado

Powered by Koha